| Registos Bibliográficos associados ao registo de autoridade |
|
Etiqueta de registo: 00707cam 2200241 450 001 1083256 003 http://id.bnportugal.gov.pt/bib/catbnp/1083256 005 20020508151800.0 100 ## $a20020508d1946 k y0pory0103 ba 101 0# $aspa 102 ## $aAR 105 ## $ay z 000yy 106 ## $ar 200 1# $a El mundo de los ciegos$fPedro Villey 205 ## $a1ª ed 210 #9 $aBuenos Aires$cEditorial Claridad,$d1946 325 ## $aTexto em braille. - Barcelona : ONCE, 1953. - 5 vol., integral ; 26 cm 700 #1 $aVilley,$bPierre$3152842 801 #0 $aPT$bBN$gRPC 966 ## $d2v$lBN$mINVISU$s2089 5925$x0 966 ## $d3v$lBN$mINVISU$s2089 5926$x0 966 ## $d4v$lBN$mINVISU$s2089 5927$x0 966 ## $d5v$lBN$mINVISU$s2089 5928$x0 966 ## $lBN$mINVISU$s2089bl_001-2089bl_005 $x0 997 ## $aBIBEOD
Etiqueta de registo: 00463cam 022001811 04500 001 298847 003 http://id.bnportugal.gov.pt/bib/catbnp/298847 005 19981228000000.0 095 ## $aPTBN00310817 100 ## $a19000001d19 m y0pora0103 ba 101 0# $afre 102 ## $aFR 200 1# $aMontaigne$fPierre Villey 210 #9 $aParis$cRieder,$d[19--] 215 ## $a104 p., LX p. il.$cil.$d20 cm 225 2# $aMaitres des littératures$v14 700 #1 $aVilley,$bPierre$3152842 801 #0 $aPT$bBN$gRPC 966 ## $lBN$mFGMON$sB.R. 10065 997 ## $aBIBEOD
Etiqueta de registo: 00585cam 22001931 450 001 177209 003 http://id.bnportugal.gov.pt/bib/catbnp/177209 005 20020309160800.0 095 ## $aPTBN00184281 100 ## $a19000001d1917 km y0pora0103 ba 101 1# $aspa 102 ## $aES 200 1# $aPáginas escogidas$fMontaigne$gseleccion y comentario de Pierre Villey$gtrad. E. Diez-Canedo 210 #9 $aMadrid$cCalleja,$d1917 215 ## $a364 p.$c1 il.$d16 cm 675 ## $a821.133.1-4"15"$vBN$zpor$31260016 700 #1 $aMontaigne,$bMichel de,$f1533-1592$397708 702 #1 $aVilley,$bPierre$4220$3152842 702 #1 $aDíez-Canedo,$bEnrique,$f1879-1944$4730$344297 801 #0 $aPT$bBN$gRPC 966 ## $lBN$mFGMON$sB.R. 2036 997 ## $aBIBEOD
Etiqueta de registo: 00897c 02200277 04500 001 74201 003 http://id.bnportugal.gov.pt/bib/catbnp/74201 005 19981118001400.0 095 ## $aPTBN00076683 100 ## $a19971113d1978 m y0pora0103 ba 101 0# $afre 102 ## $aFR 200 1# $a Les essais de Michel de Montaigne$fed. conforme au texte de l'exemplaire de Bordaux par Pierre Villey$grééditée sous la dir. et avec une préf. de V.-L. Saulnier 205 ## $a[3ª ed.] 210 #9 $aParis$cPresse Universitaires de France,$d1978 215 ## $a2 v. 675 ## $a821.133.1-4Montaigne, Michel.09$vBN$zpor$31609826 700 #1 $aMontaigne,$bMichel de,$f1533-1592$397708 702 #1 $aVilley,$bPierre$4340$3152842 702 #1 $aSaulnier,$bVerdun L.,$f1917-1980$4340$365368 801 #0 $aPT$bBN$gRPC 966 ## $dV. 1$lBN$mFGMON$sS.A. 55211 V.$x0 966 ## $dV. 2$lBN$mFGMON$sS.A. 55212 V.$x0 966 ## $lBN$mMICROF$p {ºd$sF. 3179 998 ## $aCR196 - 00059
|
|
|